Buriny a ochrana proti nim /
Uložené v:
| Hlavní autori: | , , |
|---|---|
| Médium: | Kniha |
| Jazyk: | Slovak |
| Vydané: |
Bratislava :
NOI, vydavateľstvo,
1994.
|
| Vydanie: | 1. vyd. |
| Témy: | |
| ISBN: |
8085330172 (brož.) |
| Fyzický popis: |
102 s. |
| Tagy: |
Pridať tag
Žiadne tagy, Buďte prvý kto otaguje tento záznam!
|
Titul je dostupný aj v ... 

MARC
| LEADER | 00000nam a2200000 a 4500 | ||
|---|---|---|---|
| 001 | 000072452 | ||
| 003 | SVKK | ||
| 005 | 20101230142753.0 | ||
| 008 | 990318s1994 xo e sloo | ||
| 020 | |a 8085330172 (brož.) | ||
| 040 | |a SVKKK |b slo |c SVKKK |e AACR2 | ||
| 041 | 0 | |a slo | |
| 044 | |a xo |c SK | ||
| 080 | |a 632.51 |2 1997 | ||
| 080 | |a 632.9:632.51 |2 1997 | ||
| 100 | 1 | |a Černuško, Konštantín | |
| 245 | 1 | 0 | |a Buriny a ochrana proti nim / |c Konštantín Černuško, Emil Líška, V. Borecký. |
| 250 | |a 1. vyd. | ||
| 260 | |a Bratislava : |b NOI, vydavateľstvo, |c 1994. | ||
| 300 | |a 102 s. | ||
| 653 | 0 | |a buriny |2 SVKKKPH | |
| 653 | 0 | |a rastliny |2 SVKKKPH | |
| 653 | 0 | |a ochrana |2 SVKKKPH | |
| 655 | 7 | |a monografie |2 SVKKKPH | |
| 700 | 1 | |a Líška, Emil |4 aut | |
| 700 | 1 | |a Borecký, V. |4 aut | |
| 910 | |a svkkk | ||
| 919 | |a 80-85330-17-2 | ||
| 974 | |a MI |d 19990318 | ||
| 974 | |a PA |d 19990318 | ||
| 974 | |a PA |d 19991027 | ||
| 998 | |a BK | ||
| 090 | |g SCKHL |k Sklad Pribinova 3. posch. |a V.190153 |j 875305 |i 2720187903 |s Povinný výt. | ||